[Event "FIDE World Rapid Team"]
[Site "Almaty KAZ"]
[Date "2024.08.02"]
[Round "4.7"]
[White "Niemann, Hans Moke"]
[Black "Tin, Jingyao"]
[Result "1-0"]
[WhiteTitle "GM"]
[BlackTitle "GM"]
[WhiteElo "2711"]
[BlackElo "2575"]
[WhiteTeam "GMHans.com"]
[BlackTeam "Theme International Trading"]
[WhiteFideId "2093596"]
[BlackFideId "5804418"]
[EventDate "2024.08.02"]

1. e4 c6 2. d4 d5 3. e5 c5 4. Nf3 cxd4 5. Qd2 d3 6. Qxd3 Nc6 7. Qd4 e6 8. Qf4
Bd7 9. Nc3 Nb4 10. Bd3 Nxd3+ 11. cxd3 Qc7 12. h4 Qb6 13. O-O Ne7 14. Be3 Qa6 15.
Ng5 Nf5 16. g4 Nh6 17. Rfd1 Be7 18. Nf3 O-O 19. Qg3 f6 20. Bxh6 gxh6 21. d4 Kh8
22. exf6 Bxf6 23. Ne5 Be8 24. Rd3 Bg7 25. Re1 Qb6 26. Rd2 Rc8 27. Kg2 Qd8 28. a3
a5 29. Ne2 Qf6 30. h5 b5 31. Nd3 Rg8 32. Nef4 Qxd4 33. Nxe6 Qf6 34. Ndf4 Rc4 35.
Nxd5 Bc6 36. Kh3 Bxd5 37. Rxd5 Qxb2 38. Nxg7 Qxg7 39. f3 Rc3 40. Rf5 Rxa3 41.
Qf4 Ra4 42. Qg3 Rb4 43. Rfe5 Rb3 44. Qf4 Rb4 45. Qf5 Qg5 46. Qd7 Qd8 47. Qc6 Rf4 1-0

[Event "FIDE World Rapid Team"]
[Site "Almaty KAZ"]
[Date "2024.08.02"]
[Round "4.8"]
[White "Jumabayev, Rinat"]
[Black "Tabatabaei, M. Amin"]
[Result "1-0"]
[WhiteTitle "GM"]
[BlackTitle "GM"]
[WhiteElo "2577"]
[BlackElo "2712"]
[WhiteTeam "Theme International Trading"]
[BlackTeam "GMHans.com"]
[WhiteFideId "13702661"]
[BlackFideId "12521213"]
[EventDate "2024.08.02"]

1. e4 e5 2. Nf3 Nc6 3. Bc4 Nf6 4. d3 Bc5 5. O-O d6 6. c3 a5 7. Re1 O-O 8. h3 Ba7
9. Nbd2 Be6 10. Bb5 Ne7 11. d4 Ng6 12. b3 Nh5 13. dxe5 dxe5 14. Ba3 c6 15. Bc4
Qb6 16. Re3 Rfd8 17. Bxe6 fxe6 18. c4 Nhf4 19. c5 Qb5 20. Qc2 Nd3 21. Nc4 Nb4
22. Bxb4 Qxb4 23. Nb6 Bxb6 24. cxb6 Qxb6 25. h4 h6 26. Rc1 Qc7 27. Qc5 Qd6 28.
g3 Qxc5 29. Rxc5 a4 30. b4 a3 31. Kg2 Ra4 32. Rb3 Nf8 33. Rcc3 Rd1 34. Nxe5 Nd7
35. Nd3 Rd2 36. Rxa3 Rxa2 37. Rxa4 Rxa4 38. f4 h5 39. Kf3 Kf8 40. b5 cxb5 41.
Rc7 Nf6 42. Nc5 Ra3+ 43. Kg2 Ra2+ 44. Kf1 Kg8 45. Rxb7 Ra1+ 46. Ke2 Ra2+ 47. Kd3
Ra3+ 48. Kd4 Rxg3 49. Nxe6 Rg1 50. Rxb5 Rd1+ 51. Ke5 Kh7 52. Ng5+ Kh6 53. f5 Rh1
54. Nf3 Rh3 55. Kf4 g6 56. Rb6 Kg7 57. Rb7+ Kh6 58. Rf7 Ng8 59. f6 Rh1 60. e5
Ra1 61. Rf8 Ra4+ 62. Ke3 Kh7 63. Ng5+ Kh6 64. f7 1-0

[Event "FIDE World Rapid Team"]
[Site "Almaty KAZ"]
[Date "2024.08.02"]
[Round "4.9"]
[White "Dardha, Daniel"]
[Black "Siddharth, Jagadeesh"]
[Result "1/2-1/2"]
[WhiteTitle "GM"]
[BlackTitle "IM"]
[WhiteElo "2608"]
[BlackElo "2516"]
[WhiteTeam "GMHans.com"]
[BlackTeam "Theme International Trading"]
[WhiteFideId "240990"]
[BlackFideId "5818320"]
[EventDate "2024.08.02"]

1. Nf3 Nf6 2. c4 g6 3. Nc3 d5 4. cxd5 Nxd5 5. e4 Nxc3 6. dxc3 Qxd1+ 7. Kxd1 f6
8. h4 e5 9. h5 g5 10. Be3 Nd7 11. Bc4 Bc5 12. Ke2 Ke7 13. Nh2 Bxe3 14. Kxe3 Nb6
15. Be2 Be6 16. b3 a5 17. Bg4 a4 18. Bxe6 Kxe6 19. Ng4 Rhd8 20. Ke2 Nc8 21. f3
Nd6 22. Rhd1 axb3 23. axb3 Rxa1 24. Rxa1 Nb5 25. Rc1 Ra8 26. Kd3 Ra3 27. b4 Ra2
28. Ne3 c6 29. Rc2 Ra1 30. Nc4 Nd6 31. Na5 f5 32. exf5+ Kxf5 33. c4 Kf4 34. c5
Nf5 35. Nxb7 Nd4 36. Rb2 g4 37. Nd6 gxf3 38. gxf3 Kxf3 39. Rh2 Rd1+ 40. Kc4 Rc1+
41. Kd3 Rd1+ 42. Kc4 Rc1+ 43. Kd3 Rd1+ 1/2-1/2

[Event "FIDE World Rapid Team"]
[Site "Almaty KAZ"]
[Date "2024.08.02"]
[Round "4.10"]
[White "Wong, Zhenyong Jayden"]
[Black "Hong, Andrew"]
[Result "0-1"]
[WhiteTitle "FM"]
[BlackTitle "GM"]
[WhiteElo "2397"]
[BlackElo "2572"]
[WhiteTeam "Theme International Trading"]
[BlackTeam "GMHans.com"]
[WhiteFideId "5821975"]
[BlackFideId "2099438"]
[EventDate "2024.08.02"]

1. d4 Nf6 2. c4 e6 3. g3 c5 4. Nf3 cxd4 5. Nxd4 d5 6. Bg2 e5 7. Nf3 d4 8. O-O
Nc6 9. e3 Be7 10. exd4 exd4 11. Bf4 O-O 12. Ne5 Be6 13. Re1 Rc8 14. Nd2 Re8 15.
a3 Nd7 16. Nxc6 bxc6 17. b4 g5 18. Be5 Nxe5 19. Rxe5 Bf6 20. Re1 Bg7 21. Qa4 Qd7
22. Rac1 d3 23. Red1 Bg4 24. f3 Bf5 25. Qb3 Re2 26. Kh1 Bh3 0-1

[Event "FIDE World Rapid Team"]
[Site "Almaty KAZ"]
[Date "2024.08.02"]
[Round "4.11"]
[White "Salimova, Nurgyul"]
[Black "Gong, Qianyun"]
[Result "1/2-1/2"]
[WhiteTitle "IM"]
[BlackTitle "WGM"]
[WhiteElo "2412"]
[BlackElo "2250"]
[WhiteTeam "GMHans.com"]
[BlackTeam "Theme International Trading"]
[WhiteFideId "2915138"]
[BlackFideId "8602425"]
[EventDate "2024.08.02"]

1. Nf3 d5 2. g3 Nf6 3. Bg2 c6 4. O-O Bg4 5. c4 e6 6. b3 Nbd7 7. Bb2 Be7 8. cxd5
exd5 9. h3 Bh5 10. Nc3 O-O 11. Qc1 Re8 12. Nd1 Ne4 13. d3 Nd6 14. Qf4 Nf8 15. g4
Bg6 16. Ne3 Ne6 17. Qg3 f5 18. gxf5 Nxf5 19. Nxf5 Bxf5 20. e4 Bg6 21. exd5 cxd5
22. Ne5 Bf6 23. f4 Bf5 24. Qf3 Qb6+ 25. Kh1 Rad8 26. Rae1 Rf8 27. Rg1 Qa6 28. a4
Qb6 29. Ba3 Rfe8 30. Qh5 Bxe5 31. Qxf5 Nd4 32. Qg4 Bf6 33. Bxd5+ Kh8 34. Qd7 Rg8
35. Qf7 h6 36. Be7 Rxd5 37. Qxd5 Bxe7 38. Rxe7 Qf6 39. Rf7 Qh4 40. Qg2 Ne6 41.
Qg3 Qh5 42. Rf6 Qd5+ 43. Rg2 Nd4 44. Rf8 Nf5 45. Rxg8+ Kxg8 46. Qg6 Qxd3 47. Kh2
Qe4 48. Qg4 h5 49. Re2 Ne3 50. Qc8+ Kh7 51. Rxe3 Qxe3 52. Qf5+ g6 53. Qf7+ Kh6
54. Qf8+ Kh7 55. Qf7+ Kh6 56. Qf8+ 1/2-1/2

[Event "FIDE World Rapid Team"]
[Site "Almaty KAZ"]
[Date "2024.08.02"]
[Round "4.12"]
[White "Zhang, Changjie"]
[Black "Mero, Aghiad."]
[Result "0-1"]
[WhiteElo "1809"]
[BlackElo "1817"]
[WhiteTeam "Theme International Trading"]
[BlackTeam "GMHans.com"]
[WhiteFideId "5801877"]
[BlackFideId "7608420"]
[EventDate "2024.08.02"]

1. e4 c5 2. Nc3 Nc6 3. Bb5 Nd4 4. Be2 e6 5. d3 d5 6. f4 dxe4 7. dxe4 Be7 8. Nf3
Nf6 9. O-O O-O 10. h3 Rb8 11. Be3 Nxf3+ 12. Bxf3 Qc7 13. e5 Rd8 14. Qe1 Nd5 15.
Nxd5 exd5 16. Rd1 d4 17. Bc1 Be6 18. a3 c4 19. Be4 Bd5 20. Kh1 Bc5 21. Bxd5 Rxd5
22. Qg3 Rbd8 23. f5 Qxe5 24. Bf4 Qe4 25. Bh6 Bf8 26. f6 Qg6 27. Qxg6 hxg6 28.
fxg7 Bxg7 29. Bxg7 Kxg7 30. Rde1 R8d7 31. Rf3 d3 32. cxd3 Rxd3 33. Rf2 b5 34.
Kg1 Rd2 35. Ree2 Rxe2 36. Rxe2 Rd3 37. Rc2 Kf6 38. Kf2 Ke5 39. Ke2 a6 40. Kf2 f5
41. Ke2 f4 42. Kf2 Ke4 43. Ke2 Re3+ 44. Kd2 f3 45. gxf3+ Rxf3 46. Rc3 g5 47. Ke2
Rd3 48. Rxd3 cxd3+ 49. Kd2 a5 50. b3 Kd4 51. b4 a4 0-1

[Event "FIDE World Rapid Team"]
[Site "Almaty KAZ"]
[Date "2024.08.02"]
[Round "4.13"]
[White "Sychev, Klementy"]
[Black "Gareyev, Timur"]
[Result "1/2-1/2"]
[WhiteTitle "GM"]
[BlackTitle "GM"]
[WhiteElo "2531"]
[BlackElo "2541"]
[WhiteTeam "World Champions Higher School"]
[BlackTeam "Q4Rail Kingsofchess Krakow"]
[WhiteFideId "4114060"]
[BlackFideId "14200937"]
[EventDate "2024.08.02"]

1. e4 e5 2. Nf3 Nc6 3. Bb5 a6 4. Ba4 d6 5. O-O Bd7 6. c4 g5 7. d4 g4 8. d5 gxf3
9. dxc6 bxc6 10. Qxf3 Qh4 11. Nc3 Nf6 12. Qg3 Qxg3 13. fxg3 Be7 14. h3 h5 15.
Be3 Rg8 16. Kh2 Nh7 17. c5 Bg5 18. Bf2 Rb8 19. b3 Bd2 20. Nb1 Bh6 21. cxd6 cxd6
22. Na3 Rg6 23. Nc4 Ng5 24. Rfe1 c5 25. Rad1 Bxa4 26. Nxd6+ Rxd6 27. Rxd6 Bf8
28. Rd5 Bc6 29. Rxe5+ Ne6 30. Rxh5 Rb4 31. Rd5 a5 32. g4 a4 33. bxa4 Rxa4 34.
Rd2 Bg7 35. Rb1 Bd4 36. Rb8+ Ke7 37. Bxd4 cxd4 38. h4 Bxe4 39. h5 d3 40. Kg3 Rc4
41. Kf2 Bh7 42. Rb7+ Kf6 43. Ke3 Re4+ 44. Kf3 Re5 45. Kg3 Ng5 46. Rb6+ Ke7 47.
Kf4 Ra5 48. Rb7+ Kf6 49. Rb6+ Ne6+ 50. Kg3 Kg5 51. Rd6 Re5 52. R2xd3 Bxd3 53.
Rxd3 Nc5 54. Rd4 Ne4+ 55. Kf3 Nf6 56. Rc4 Ra5 57. a4 Rd5 58. Rc7 Rd3+ 59. Ke2
Ra3 60. Rxf7 Nxg4 61. Ra7 Kxh5 62. a5 Nf6 63. Kd2 Ra2+ 64. Kc3 Rxg2 65. a6 Ra2 1/2-1/2

[Event "FIDE World Rapid Team"]
[Site "Almaty KAZ"]
[Date "2024.08.02"]
[Round "4.14"]
[White "Bernadskiy, Vitaliy"]
[Black "Shubin, Kirill"]
[Result "1/2-1/2"]
[WhiteTitle "GM"]
[BlackTitle "IM"]
[WhiteElo "2530"]
[BlackElo "2459"]
[WhiteTeam "Q4Rail Kingsofchess Krakow"]
[BlackTeam "World Champions Higher School"]
[WhiteFideId "14100371"]
[BlackFideId "34119962"]
[EventDate "2024.08.02"]

1. Nf3 Nf6 2. g3 b6 3. Bg2 Bb7 4. c4 e6 5. O-O Be7 6. Nc3 O-O 7. Re1 d5 8. cxd5
Nxd5 9. e4 Nxc3 10. bxc3 c5 11. d4 cxd4 12. cxd4 Nd7 13. Bb2 Rc8 14. h4 h6 15.
Qb3 Qc7 16. d5 exd5 17. exd5 Bf6 18. Nd4 Qc4 19. Nf5 Qxb3 20. axb3 Bxb2 21. Rxa7
Rb8 22. Nd6 Nc5 23. b4 Nd3 24. Rd1 Bxd5 25. Bxd5 Nxb4 26. Bxf7+ Kh7 27. h5 Rbd8
28. Rb1 Nc6 29. Bg6+ Kg8 30. Rb7 Rxd6 31. Rxb2 Ne5 32. Be4 Nd7 33. Rc7 Nf6 34.
Bg6 Rfd8 35. Rb7 Nd7 36. Re2 Nf8 37. Bf5 Rf6 38. g4 g6 39. hxg6 Nxg6 40. Re6 Rd6
41. Rb8+ Nf8 42. Re5 Kg7 43. Kh2 Rf7 44. Rb5 h5 45. gxh5 Rdf6 46. Bg4 Rxf2+ 47.
Kg3 R2f6 48. Rg5+ Kh6 49. Kh4 Rd6 50. Rg8 Rdf6 51. Re8 Rf1 52. Rb8 R7f6 53. Rb7
Rf7 54. Rxb6+ R1f6 55. Rb5 Rf1 56. Rbg5 Kh7 57. h6 R1f6 58. Bh5 Rxh6 59. Kg4
Rxh5 60. Kxh5 Ne6 61. Rg4 Ng7+ 62. R4xg7+ 1/2-1/2

[Event "FIDE World Rapid Team"]
[Site "Almaty KAZ"]
[Date "2024.08.02"]
[Round "4.15"]
[White "Faizrakhmanov, Ramil"]
[Black "Gumularz, Szymon"]
[Result "0-1"]
[WhiteTitle "IM"]
[BlackTitle "GM"]
[WhiteElo "2424"]
[BlackElo "2571"]
[WhiteTeam "World Champions Higher School"]
[BlackTeam "Q4Rail Kingsofchess Krakow"]
[WhiteFideId "24103209"]
[BlackFideId "1188062"]
[EventDate "2024.08.02"]

1. e4 c5 2. Nf3 d6 3. d4 cxd4 4. Nxd4 Nf6 5. Nc3 a6 6. f3 e5 7. Nb3 Be7 8. Be3
Be6 9. Qd2 Nbd7 10. g4 O-O 11. g5 Nh5 12. O-O-O b5 13. Kb1 Nb6 14. Nd5 Bxd5 15.
exd5 Rc8 16. Na5 Nc4 17. Bxc4 bxc4 18. Nc6 Qd7 19. Rhg1 f5 20. g6 Bf6 21. gxh7+
Kxh7 22. Bg5 Rce8 23. Qc3 e4 24. Qxc4 exf3 25. Qh4 g6 26. Bxf6 Rxf6 27. Qf2 f4
28. Qxf3 Re3 29. Qf2 Qf5 30. Nd8 Qe4 31. Ne6 Kh6 32. Qh4 Re2 33. Nd4 Rg2 34.
Rge1 Qxd5 35. b3 Qg5 36. Qxg5+ Kxg5 37. Nf3+ Kg4 38. Rd3 Ng7 39. h3+ Kh5 40. Re7
Kh6 41. Ra7 Rg3 42. h4 Nf5 43. Rxa6 Kh5 44. Ra4 Nxh4 45. Rd5+ g5 46. Nd2 Re3 47.
Re4 Re6 48. Rxf4 R6e5 49. Rfd4 Nf5 50. Rxe5 dxe5 51. Rd8 g4 52. Rh8+ Kg5 53.
Rg8+ Kf4 54. a4 Re2 55. Kc1 g3 56. Kd1 Rh2 57. Nf1 Rh1 58. Ke1 Kf3 59. a5 g2 60.
Rxg2 Kxg2 0-1

[Event "FIDE World Rapid Team"]
[Site "Almaty KAZ"]
[Date "2024.08.02"]
[Round "4.16"]
[White "Pakleza, Zbigniew"]
[Black "Orlov, Oleg"]
[Result "1-0"]
[WhiteTitle "GM"]
[BlackTitle "FM"]
[WhiteElo "2483"]
[BlackElo "2254"]
[WhiteTeam "Q4Rail Kingsofchess Krakow"]
[BlackTeam "World Champions Higher School"]
[WhiteFideId "1119290"]
[BlackFideId "4166612"]
[EventDate "2024.08.02"]

1. d4 Nf6 2. Nf3 e6 3. Bf4 c5 4. c3 Be7 5. e3 Nh5 6. Bg3 Nc6 7. Nbd2 d5 8. Bd3
cxd4 9. cxd4 Bd7 10. a3 g6 11. Rc1 O-O 12. b4 Nxg3 13. hxg3 a5 14. b5 Na7 15. a4
Rc8 16. Ke2 Ba3 17. Rxc8 Nxc8 18. Rh6 f6 19. Qh1 Rf7 20. Bxg6 Rg7 21. Rxh7 Rxg6
22. Rh8+ Kf7 23. Rxd8 Nb6 24. Qh5 1-0

[Event "FIDE World Rapid Team"]
[Site "Almaty KAZ"]
[Date "2024.08.02"]
[Round "4.17"]
[White "Serikbay, Assel"]
[Black "Kulon, Klaudia"]
[Result "1/2-1/2"]
[WhiteTitle "WIM"]
[BlackTitle "IM"]
[WhiteElo "2237"]
[BlackElo "2415"]
[WhiteTeam "World Champions Higher School"]
[BlackTeam "Q4Rail Kingsofchess Krakow"]
[WhiteFideId "13706799"]
[BlackFideId "1131044"]
[EventDate "2024.08.02"]

1. d4 Nf6 2. c4 g6 3. g3 Bg7 4. Bg2 O-O 5. Nc3 d6 6. Nf3 Nc6 7. O-O e5 8. d5 Nb8
9. e4 a5 10. Ne1 Na6 11. Nd3 Nd7 12. Be3 b6 13. Qd2 Ndc5 14. f4 exf4 15. Nxf4
Nb4 16. Rad1 a4 17. a3 Nba6 18. Qc2 Bg4 19. Rde1 Bd7 20. Nfe2 Nb3 21. Qd1 Qc8
22. Nd4 Nac5 23. Nxb3 Nxb3 24. Rf2 Qa6 25. Bf1 Qb7 26. Bd3 Rae8 27. Bc2 Nc5 28.
Bd4 Qa6 29. Bxg7 Kxg7 30. Qd4+ Re5 31. Nb1 b5 32. Nd2 f6 33. Nf3 Ree8 34. Ref1
Bh3 35. cxb5 Qxb5 36. Re1 Qb6 37. Nd2 Bf5 38. Nc4 Qb5 39. Re3 Bc8 40. Ref3 Nd7
41. Nd2 Qb6 42. Qxa4 Ne5 43. Rb3 Bd7 44. Rxb6 Bxa4 45. Rb7 Bxc2 46. Rxc7+ Rf7
47. Rxc2 Nd3 48. Rf1 Rb8 49. b4 Ra7 50. Rc3 Ne5 51. Rfc1 Kh6 52. Kf2 Rba8 53.
Ra1 Ra4 54. b5 f5 55. exf5 gxf5 56. b6 Rd4 57. Ke3 Rxd5 58. Nb3 Rb8 59. Nd4 Ng4+
60. Kd3 Rxb6 61. Rac1 Nf6 62. Rc4 Ra5 63. a4 Kg6 64. Nf3 d5 65. Nh4+ Kh5 66. Rf4
Ne4 67. Rxf5+ Kg4 68. Rf4+ Kh3 69. Nf3 Rxa4 70. Rh4+ Kg2 71. Rc2+ Kf1 72. Nd2+
Kg1 73. Nf3+ Kf1 74. Nd2+ Kg1 75. Nf3+ Kf1 76. Nd2+ 1/2-1/2

[Event "FIDE World Rapid Team"]
[Site "Almaty KAZ"]
[Date "2024.08.02"]
[Round "4.19"]
[White "Gurel, Ediz"]
[Black "Sindarov, Javokhir"]
[Result "1/2-1/2"]
[WhiteTitle "GM"]
[BlackTitle "GM"]
[WhiteElo "2602"]
[BlackElo "2674"]
[WhiteTeam "Rookies"]
[BlackTeam "Royal Chess"]
[WhiteFideId "44507356"]
[BlackFideId "14205483"]
[EventDate "2024.08.02"]

1. e4 e5 2. Nf3 Nc6 3. Bb5 a6 4. Bxc6 dxc6 5. Nc3 f6 6. d4 exd4 7. Qxd4 Qxd4 8.
Nxd4 c5 9. Nde2 Be6 10. Nf4 Bf7 11. Nfd5 Bd6 12. Bf4 Bxf4 13. Nxf4 O-O-O 14. Nd3
c4 15. Nf4 Ne7 16. Rd1 Nc6 17. f3 b5 18. h4 Rhe8 19. a3 Rd6 20. Rxd6 cxd6 21.
Kf2 Kd7 22. Rd1 Rb8 23. Ncd5 Bxd5 24. Nxd5 Ne7 25. Ne3 Ke6 26. h5 Rd8 27. g4 d5
28. exd5+ Nxd5 29. f4 Rd6 30. Nf5 Rd7 31. Kf3 g6 32. Nh6 Ke7 33. hxg6 hxg6 34.
Re1+ Kf8 35. Re6 Kg7 36. g5 b4 37. Ng4 fxg5 38. fxg5 c3 39. bxc3 bxa3 40. Rxa6
Rf7+ 41. Kg3 Nxc3 42. Rxa3 Ne4+ 43. Kh4 Rc7 44. Ne3 Rc5 45. Ra7+ Kf8 46. Ra8+
Kf7 47. Ra7+ Kf8 48. Ra8+ Kf7 49. Ra7+ 1/2-1/2

[Event "FIDE World Rapid Team"]
[Site "Almaty KAZ"]
[Date "2024.08.02"]
[Round "4.20"]
[White "Yakubboev, Nodirbek"]
[Black "Zemlyanskii, Ivan"]
[Result "1-0"]
[WhiteTitle "GM"]
[BlackTitle "FM"]
[WhiteElo "2655"]
[BlackElo "2543"]
[WhiteTeam "Royal Chess"]
[BlackTeam "Rookies"]
[WhiteFideId "14203987"]
[BlackFideId "24249971"]
[EventDate "2024.08.02"]

1. e4 c5 2. Nf3 e6 3. c3 d5 4. e5 d4 5. Bd3 Bd7 6. O-O Bc6 7. Qe2 Ne7 8. Be4
Bxe4 9. Qxe4 Nbc6 10. c4 Qd7 11. d3 f5 12. exf6 gxf6 13. Qh4 f5 14. Qf6 Ng6 15.
Re1 Be7 16. Qxe6 Nb4 17. Qe2 O-O-O 18. a3 Nc6 19. Bh6 Bd6 20. Nbd2 Rhe8 21. Qf1
Rg8 22. Kh1 Bc7 23. b4 Nce5 24. Nxe5 Bxe5 25. Nf3 Bc7 26. g3 f4 27. Re4 Qf5 28.
Qg2 fxg3 29. fxg3 Rd7 30. g4 Qf6 31. Bg5 Qc6 32. b5 Qd6 33. Qe2 Bd8 34. Bxd8
Rdxd8 35. Ne5 Rdf8 36. Nxg6 Rxg6 37. Rf1 Rgf6 38. Rxf6 Qxf6 39. Kg2 Qf7 40. Re5
b6 41. Rf5 Re8 42. Qf3 Qe6 43. Qa8+ Kd7 44. Qxa7+ Kc8 45. Qa8+ Kd7 46. Qb7+ 1-0

[Event "FIDE World Rapid Team"]
[Site "Almaty KAZ"]
[Date "2024.08.02"]
[Round "4.21"]
[White "Shogdzhiev, Roman"]
[Black "Vokhidov, Shamsiddin"]
[Result "0-1"]
[WhiteTitle "CM"]
[BlackTitle "GM"]
[WhiteElo "2124"]
[BlackElo "2643"]
[WhiteTeam "Rookies"]
[BlackTeam "Royal Chess"]
[WhiteFideId "55653537"]
[BlackFideId "14204223"]
[EventDate "2024.08.02"]

1. e4 c5 2. Nf3 e6 3. d4 cxd4 4. Nxd4 Nc6 5. Nc3 Qc7 6. g3 a6 7. Bg2 Nf6 8. O-O
Bc5 9. Nb3 Ba7 10. Bf4 Ne5 11. Qe2 d6 12. Rad1 b5 13. a3 Bb7 14. Kh1 O-O 15. Nd2
Bd4 16. Ndb1 Bb6 17. Be3 Bxe3 18. Qxe3 Nc4 19. Qc1 Rac8 20. b3 Nb6 21. Rfe1 Rfd8
22. Qe3 Bc6 23. Kg1 a5 24. h3 Nbd7 25. Qd4 Ne5 26. Rd2 Qb7 27. f4 Ng6 28. b4 e5
29. Qf2 axb4 30. axb4 exf4 31. gxf4 Re8 32. Na3 Bxe4 33. Nxe4 Nxe4 34. Rde2 d5
35. Qe3 Qb8 36. f5 Nf4 37. Qd4 Nxe2+ 38. Rxe2 Ng3 39. Rxe8+ Rxe8 40. Qc5 Re1+
41. Kf2 Ne4+ 42. Bxe4 Rxe4 43. Kg2 h5 44. Nxb5 Re2+ 45. Kf3 Qh2 46. Nd6 Rxc2 47.
Qb6 Rc3+ 48. Qe3 Qxh3+ 0-1

[Event "FIDE World Rapid Team"]
[Site "Almaty KAZ"]
[Date "2024.08.02"]
[Round "4.22"]
[White "Vakhidov, Jakhongir"]
[Black "Bivol, Alina"]
[Result "1/2-1/2"]
[WhiteTitle "GM"]
[BlackTitle "IM"]
[WhiteElo "2571"]
[BlackElo "2345"]
[WhiteTeam "Royal Chess"]
[BlackTeam "Rookies"]
[WhiteFideId "14201801"]
[BlackFideId "4100123"]
[EventDate "2024.08.02"]

1. c4 e6 2. Nc3 d5 3. d4 Nf6 4. cxd5 exd5 5. Bg5 Be7 6. e3 h6 7. Bh4 Bg4 8. Qb3
Nbd7 9. h3 Be6 10. Qc2 c5 11. Nf3 O-O 12. Be2 Rc8 13. Bd3 c4 14. Bf5 Bxf5 15.
Qxf5 b5 16. O-O g6 17. Qc2 b4 18. Ne2 Nh5 19. Bxe7 Qxe7 20. Nf4 Nxf4 21. exf4
Qe4 22. Qc1 Rfe8 23. Re1 Qd3 24. Rd1 Qe4 25. Ne5 Nxe5 26. fxe5 Kg7 27. a3 a5 28.
axb4 axb4 29. f3 Qf5 30. Qb1 Qf4 31. Qc1 Qf5 32. Qb1 Qxb1 33. Rdxb1 g5 34. Ra5
Red8 35. Kf2 Ra8 36. Rba1 Rxa5 37. Rxa5 h5 38. Ke3 Rd7 39. Rb5 b3 40. Kd2 f6 41.
e6 Rd6 42. Rb7+ Kg6 43. Rd7 Rxe6 44. Rxd5 g4 45. hxg4 hxg4 46. fxg4 Re4 47. Kc3
Re2 48. Kxc4 Rxb2 49. Rb5 Rxg2 50. Rxb3 Rxg4 51. Kc5 Rg1 52. d5 Rc1+ 53. Kd6 f5
54. Ke7 Re1+ 55. Kf8 Rd1 56. Rb6+ Kg5 57. d6 f4 58. Ke7 1/2-1/2

[Event "FIDE World Rapid Team"]
[Site "Almaty KAZ"]
[Date "2024.08.02"]
[Round "4.23"]
[White "Tregubenko, Nikolay"]
[Black "Nurman, Alua"]
[Result "1-0"]
[BlackTitle "WIM"]
[WhiteElo "2023"]
[BlackElo "2324"]
[WhiteTeam "Rookies"]
[BlackTeam "Royal Chess"]
[WhiteFideId "34358978"]
[BlackFideId "13729390"]
[EventDate "2024.08.02"]

1. e4 c5 2. Nf3 d6 3. d4 cxd4 4. Nxd4 Nf6 5. Nc3 a6 6. Bg5 e6 7. f4 Qb6 8. Qd2
Qxb2 9. Rb1 Qa3 10. f5 Qc5 11. Bxf6 gxf6 12. Na4 Qc7 13. Nb6 Ra7 14. Nxc8 Qxc8
15. fxe6 fxe6 16. Be2 Nc6 17. Nxc6 Qxc6 18. O-O Qc5+ 19. Kh1 Bg7 20. Rbd1 Ke7
21. Rf3 b5 22. Rc3 Qe5 23. Rc6 Rd8 24. Qa5 Qxe4 25. Bxb5 Rdd7 26. Rxa6 Rxa6 27.
Qxa6 Qxc2 28. Re1 Rc7 29. Qa8 Rc8 30. Qb7+ Rc7 31. Qa8 Rc8 32. Qb7+ Rc7 33. Qd5
e5 34. Qg8 Qg6 35. Bc4 f5 36. Rb1 Bf8 37. Qd5 f4 38. Rb8 Qf5 39. a4 f3 40. gxf3
Bh6 41. a5 Be3 42. Rb7 Qg6 43. Rxc7+ Kd8 44. Rg7 Qxg7 45. Qxd6+ Qd7 46. Qb8+ Qc8
47. Qd6+ Qd7 48. Qxe5 Qd1+ 49. Kg2 Qc2+ 50. Kh3 Qxc4 51. Qxe3 Qc8+ 52. Kg2 Qc2+
53. Qf2 Qg6+ 54. Qg3 Qc2+ 55. Kh3 Qf5+ 56. Qg4 Qxa5 57. Qg8+ Kc7 58. Qxh7+ Kb8
59. Qe4 Qh5+ 60. Kg3 Ka7 61. h4 Kb6 62. f4 Qd1 63. f5 Qg1+ 64. Kf4 Kc7 65. f6
Kd6 66. Qe5+ Kd7 67. Qe7+ Kc6 68. f7 Qf2+ 69. Kg5 Qd2+ 70. Kg6 Qd3+ 71. Kg7 Qg3+
72. Qg5 Qc7 73. Qc1+ 1-0

[Event "FIDE World Rapid Team"]
[Site "Almaty KAZ"]
[Date "2024.08.02"]
[Round "4.24"]
[White "Khassenov, Mansur"]
[Black "Berikkyzy Alanna"]
[Result "0-1"]
[BlackTitle "WCM"]
[WhiteElo "1982"]
[BlackElo "1869"]
[WhiteTeam "Royal Chess"]
[BlackTeam "Rookies"]
[WhiteFideId "13768700"]
[BlackFideId "13780719"]
[EventDate "2024.08.02"]

1. c4 c5 2. g3 Nc6 3. Bg2 Nf6 4. Nc3 g6 5. Nf3 d6 6. d4 cxd4 7. Nxd4 Bd7 8. O-O
Bg7 9. b3 h5 10. h4 Ng4 11. Nxc6 Bxc6 12. Bb2 Bxg2 13. Kxg2 O-O 14. Qd2 Qd7 15.
Nd5 e6 16. Bxg7 Kxg7 17. Qc3+ f6 18. Nf4 Rae8 19. Rad1 Rf7 20. Rd2 Qc6+ 21. Qf3
e5 22. Qxc6 bxc6 23. Nh3 Rd7 24. Rfd1 Red8 25. e4 c5 26. Ng1 f5 27. exf5 gxf5
28. Nf3 Kf6 29. Rd5 e4 30. Nh2 Ne5 31. Nf1 Ke6 32. Ne3 Rg8 33. Kh1 Rf8 34. Ng2
Nd3 35. R1xd3 exd3 36. Nf4+ Kf7 37. Rxf5+ Kg8 38. Rd5 Rff7 39. Rxd3 Rf5 40. Kg2
Kf7 41. Nd5 Re5 42. Rf3+ Kg7 43. Nf4 Kh6 44. Rd3 Ree7 45. Nd5 Re2 46. a4 Re5 47.
Nc3 a6 48. Nd5 Rf7 49. Nf4 Rd7 50. Rf3 Rf7 51. Rd3 Rf6 52. Nd5 Rf7 53. Nf4 Rf6
54. a5 Ref5 55. Rd2 Re5 56. Rd3 Kg7 57. Nd5 Rf7 58. Rd2 Kf8 59. Ne3 Rf6 60. Nd5
Rf7 61. Nf4 Rf6 62. Rb2 Ke8 63. Nd5 Rf7 64. Rd2 Kd7 65. Nb6+ Kc6 66. Nd5 Rb7 67.
Rd3 Re1 68. Rf3 Rb1 69. Nb6 Re1 70. Rf8 Rb1 71. Rf3 Ra1 72. Na4 Ra3 73. Nb6 Rxa5
74. Nd5 Ra3 75. Rf5 Raxb3 76. Rxh5 a5 77. Rh8 a4 78. Ra8 a3 79. Ra6+ Kd7 80. h5
Ke6 81. Nf4+ Ke5 82. Nd5 Kd4 83. Ne3 Kc3 84. h6 Kb2 85. Nd1+ Kb1 86. Ra5 a2 0-1

[Event "FIDE World Rapid Team"]
[Site "Almaty KAZ"]
[Date "2024.08.02"]
[Round "4.25"]
[White "Makhnev, Denis"]
[Black "Bilguun, Sumiya"]
[Result "1/2-1/2"]
[WhiteTitle "GM"]
[BlackTitle "GM"]
[WhiteElo "2551"]
[BlackElo "2470"]
[WhiteTeam "Astana-1"]
[BlackTeam "Hunnu Air"]
[WhiteFideId "13707647"]
[BlackFideId "4901541"]
[EventDate "2024.08.02"]

1. d4 d5 2. c4 e6 3. Nf3 c6 4. e3 Nf6 5. Bd3 Nbd7 6. O-O Bd6 7. Nbd2 O-O 8. b3
Re8 9. Bb2 e5 10. e4 exd4 11. cxd5 cxd5 12. exd5 Nxd5 13. Nc4 Nc5 14. Nxd6 Qxd6
15. Bb5 Bd7 16. Bxd7 Qxd7 17. Qxd4 Ne6 18. Qg4 Ndf4 19. g3 Ne2+ 20. Kh1 Qc6 21.
Kg2 b5 22. Rfe1 f5 23. Qxf5 Rf8 24. Rac1 Nxc1 25. Rxc1 Qd7 26. Qe4 Rae8 27. Qc6
Qd3 28. Rc3 Qf5 29. Re3 Qg6 30. Qd5 Kh8 31. Be5 a6 32. h4 h6 33. a4 bxa4 34.
bxa4 Qg4 35. a5 Rd8 36. Qxe6 Qxe6 37. Bxg7+ Kxg7 38. Rxe6 Rf6 39. Re7+ Rf7 40.
Re2 Rd5 41. Ne5 Rc7 42. f4 Rxa5 43. h5 Rac5 44. Kh3 Rc2 45. Re1 Ra2 46. Rb1 Ra3
47. Rb6 Rcc3 48. Rg6+ Kf8 49. f5 Rcb3 50. f6 Ra5 51. Nd7+ Ke8 52. Rg7 Rxh5+ 53.
Kg2 Rf5 54. Re7+ Kd8 55. Rh7 Rd3 56. Nc5 Rd2+ 57. Kh3 Rxf6 58. Ne4 Rdd6 59. Nxf6
Rxf6 60. Kh4 Rg6 61. g4 Kc8 62. Kh5 Rg5+ 63. Kh4 Rg6 64. Kh5 Rg5+ 65. Kh4 1/2-1/2